000 00450nam a2200181Ia 4500
001 20954
005 20260306172844.0
008 260306t2013||||xx |||||||||||||| ||spa||
041 _aESP
082 _a343.8
_bE31
100 _aEguía, José Luis
_eAUT
245 0 _aPrecios de transferencia en el Perú :
_banálisis técnico y metodológico
260 _c2013
300 _a
_c
650 _aGEN
654 _aCCO
942 _cLIB
_dJUS
_fJUS
_2ddc
_n
999 _c20954
_d20954